Siguem cívics : la ciutat, un espai net i de convivència [Objecte] la ciutat, un espai net i de convivència [Objecte]
Descripción Física:
1 adhesiu : col. ; 11 x 8 cm
Materias:
Reciclatge (Residus, etc.)
MARC
| LEADER | 00000nam a2200000Ia 4500 | ||
|---|---|---|---|
| 001 | 24433 | ||
| 008 | 160829s9999 xx 000 0 cat d | ||
| 080 | |a NBM-10-4 | ||
| 245 | |a Siguem cívics : |b la ciutat, un espai net i de convivència [Objecte] | ||
| 260 | |a [Barcelona] : |b Diputació de Barcelona. Àrea de Medi Ambient, [1998] | ||
| 300 | |a 1 adhesiu : |b col. ; |c 11 x 8 cm | ||
| 650 | 0 | |a Reciclatge (Residus, etc.) |9 26176 | |
| 710 | |a Barcelona (Catalunya : Província). |b Àrea de Medi Ambient |9 52987 | ||
| 901 | |a Arxiu | ||
| 942 | |n 1 | ||
| 952 | |0 0 |1 0 |4 0 |6 NBM104 |7 1 |9 56008 |a Arxiu |b Arxiu |d 2016-12-01 |l 0 |o NBM-10-4 |p 24433 |r 2016-12-01 00:00:00 |w 2016-12-01 |y ARXIU | ||
| 999 | |c 59882 |d 59882 | ||